Cohabitación y matrimonios en Venezuela, 1971-2001: ¿contornos diluidos? /

Guardado en:
Bibliografiske detaljer
Hovedforfatter: Florez, Elizabeth
Andre forfattere: Esteve, Albert
Format: Texto
Tags: Tilføj Tag
Ingen Tags, Vær først til at tagge denne postø!

MARC

LEADER 00000 a a2200000 04500
001 47463
003
040
090 |a REV1520 20(80) 2014  
100 |a Florez, Elizabeth  
245 |a Cohabitación y matrimonios en Venezuela, 1971-2001:   |b ¿contornos diluidos? /  |c Elizabeth Florez, Albert Esteve  
700 |a Esteve, Albert  
773 |a volumen20, número80, (2014), páginas 217-247 : tablas, gráficos, mapas  
999 |c 20747  |d 20747